Priame zahraničné investície v regióne strednej a východnej Európy dizertačná práca

Salvato in:
Dettagli Bibliografici
Autore principale: Dudáš, Tomáš, 1976-
Ente Autore: Ekonomická univerzita v Bratislave. Obchodná fakulta
Altri autori: Ferenčíková, Soňa, 1960-
Natura: Libro
Lingua:slovacco
Pubblicazione: Bratislava 2005
Soggetti:
Tags: Aggiungi Tag
Nessun Tag, puoi essere il primo ad aggiungerne!!

MARC

LEADER 00000nam$a2200000$$$4500
001 0100388
005 20230224100752.3
041 0 |a slo 
044 |a SK 
245 1 0 |a Priame zahraničné investície v regióne strednej a východnej Európy  |b dizertačná práca  |c Tomáš Dudáš ; škol. Soňa Ferenčíková 
264 1 |a Bratislava  |c 2005 
300 |a 182 s. 
610 2 0 |a stredná Európa 
610 2 0 |a východná Európa 
610 2 0 |a investície zahraničné 
610 2 0 |a investície priame zahraničné 
610 2 0 |a SVE 
100 1 |a Dudáš, Tomáš, 1976- 
700 1 |a Ferenčíková, Soňa, 1960- 
710 2 |a Ekonomická univerzita v Bratislave. Obchodná fakulta